| Tag |
First Indicator |
Second Indicator |
Subfields |
| LEADER |
00000cam a22000007a 4500 |
| 001 |
in00001810121 |
| 005 |
20211202200731.0 |
| 006 |
m d f |
| 008 |
040108s1997 dcu sb f000 0 eng d |
| 035 |
|
|
|a (OCoLC)ocm53995111
|
| 040 |
|
|
|a GPO
|c GPO
|d DLC
|d MvI
|d UtOrBLW
|
| 049 |
|
|
|a WWW
|
| 074 |
|
|
|a 0431-Z (online)
|
| 086 |
0 |
|
|a EP 12.2:2004003527
|
| 245 |
0 |
0 |
|a Region 5's billing and collection of accounts receivable.
|
| 264 |
|
1 |
|a [Washington, D.C.] :
|b United States Environmental Protection Agency, Office of Inspector General,
|c [1997]
|
| 336 |
|
|
|a text
|b txt
|2 rdacontent
|
| 337 |
|
|
|a computer
|b c
|2 rdamedia
|
| 338 |
|
|
|a unspecified
|b zu
|2 rdacarrier
|
| 538 |
|
|
|a Mode of access: Internet from the EPA Office of Inspector General web site. Address as of 1/8/2004: http://www.epa.gov/oigearth/reports/1997/billtab.htm; current access available via PURL.
|
| 500 |
|
|
|a Title from title screen (viewed on Jan. 8, 2004).
|
| 500 |
|
|
|a "Created April 23, 1997."
|
| 500 |
|
|
|a "#7100139."
|
| 504 |
|
|
|a Includes bibliographical references.
|
| 500 |
|
|
|a Electronic resource.
|
| 610 |
1 |
0 |
|a United States.
|b Environmental Protection Agency.
|b Region V
|x Auditing.
|
| 610 |
1 |
0 |
|a United States.
|b Environmental Protection Agency.
|b Region V
|x Appropriations and expenditures.
|
| 710 |
1 |
|
|a United States.
|b Environmental Protection Agency.
|b Office of the Inspector General.
|
| 856 |
4 |
0 |
|u https://purl.fdlp.gov/GPO/LPS39516
|t 0
|
| 999 |
|
|
|a MARS
|
| 999 |
f |
f |
|s ceeac296-29bb-3c07-bc96-5dbfac7742c9
|i 1d4a54bf-fb40-3504-8985-65d99aa776e5
|t 0
|
| 952 |
f |
f |
|a Texas A&M University
|b College Station
|c Electronic Resources
|d Available Online
|t 0
|e EP 12.2:2004003527
|h Superintendent of Documents classification
|
| 998 |
f |
f |
|a EP 12.2:2004003527
|t 0
|l Available Online
|